[Event "Druga liga Centralne Srbije 2010 - zapad"]
[Site "?"]
[Date "2010.10.14"]
[Round "6.1"]
[White "Sadikovic, Samir"]
[Black "Stojanovic, Dobrisav"]
[Result "0-1"]
[WhiteElo "2188"]
[BlackElo "2346"]
[PlyCount "90"]
[EventDate "2010.09.12"]

1. e4 e5 2. Nf3 Nc6 3. Bb5 a6 4. Ba4 Nf6 5. Qe2 b5 6. Bb3 Be7 7. c3 d6 8. h3
O-O 9. O-O Na5 10. Bc2 c5 11. Rd1 Re8 12. d3 Bf8 13. Bg5 h6 14. Bxf6 Qxf6 15.
Nbd2 Be6 16. Nf1 d5 17. Ne3 d4 18. Ng4 Bxg4 19. hxg4 Rab8 20. g3 g6 21. Nh4
Red8 22. Rf1 c4 23. Ng2 Bg7 24. cxd4 Rxd4 25. Ne3 Qd6 26. Nd5 Nc6 27. b3 Rxd5
28. exd5 Nd4 29. Qd1 c3 30. Re1 Qxd5 31. Re4 b4 32. a3 a5 33. axb4 axb4 34. Ra4
Bf8 35. Rxd4 Qxd4 36. Qf3 Bc5 37. Ra6 Rd8 38. Kg2 e4 39. dxe4 Qe5 40. Bd3 c2
41. Bxc2 Rd2 42. Kh3 Rxc2 43. Ra8+ Kg7 44. Qd3 Bxf2 45. Re8 Rc3 0-1

[Event "Druga liga Centralne Srbije 2010 - zapad"]
[Site "?"]
[Date "2010.10.14"]
[Round "6.1"]
[White "Dolovic, Dusko"]
[Black "Vizlina, Branisa"]
[Result "1-0"]
[WhiteElo "2222"]
[BlackElo "2036"]
[PlyCount "99"]
[EventDate "2010.09.12"]

1. d4 Nf6 2. Bg5 c5 3. Bxf6 exf6 4. d5 Qb6 5. Qc1 c4 6. a3 Bc5 7. e3 Qa5+ 8.
Qd2 Qxd2+ 9. Nxd2 b5 10. a4 c3 11. bxc3 bxa4 12. Rxa4 O-O 13. Nb3 Bb6 14. Bd3
d6 15. Ne2 Bb7 16. Nf4 Rc8 17. Kd2 Nd7 18. Bf5 Rc7 19. Bxd7 Rxd7 20. Na5 Rc8
21. Nxb7 Rxb7 22. Nd3 Kf8 23. Rha1 Rbc7 24. R1a3 g6 25. Rb3 Kg7 26. Nb2 f5 27.
Kd3 Rc5 28. c4 R5c7 29. Ra6 h5 30. c3 f4 31. Na4 fxe3 32. fxe3 Bc5 33. Nxc5
dxc5 34. Rba3 Ra8 35. d6 Rd8 36. Ke4 Rcd7 37. Kd5 Kf6 38. Ra2 g5 39. e4 Re8 40.
Rf2+ Kg6 41. e5 Re6 42. Rc6 Rd8 43. Rxc5 Rde8 44. Kd4 f6 45. Rxf6+ Rxf6 46.
exf6 Kxf6 47. Rd5 Re1 48. Kc5 Ra1 49. d7 Ra5+ 50. Kd6 1-0

[Event "Druga liga Centralne Srbije 2010 - zapad"]
[Site "?"]
[Date "2010.10.14"]
[Round "6.1"]
[White "Dumic, Marko"]
[Black "Vasic, Vladimir"]
[Result "0-1"]
[WhiteElo "2250"]
[BlackElo "2177"]
[PlyCount "66"]
[EventDate "2010.09.12"]

1. d4 d5 2. c4 dxc4 3. e3 e5 4. Bxc4 exd4 5. Nf3 Bb4+ 6. Kf1 Nc6 7. exd4 Nf6 8.
d5 Be6 9. Nc3 Bxc3 10. bxc3 Bxd5 11. Bxd5 Qxd5 12. Qe2+ Qe4 13. Be3 O-O 14. Qb5
Rab8 15. Re1 a6 16. Qb3 Nd5 17. Bc5 Qd3+ 18. Kg1 Rfd8 19. Bd4 Nxd4 20. cxd4
Qxb3 21. axb3 Re8 22. Kf1 f6 23. g3 Kf7 24. Kg2 Rxe1 25. Rxe1 Re8 26. Rxe8 Kxe8
27. Nd2 Ke7 28. Kf3 Ke6 29. Ke4 b5 30. Kd3 a5 31. Ne4 Nb4+ 32. Kc3 Kd5 33. f3
Nc6 0-1

[Event "Druga liga Centralne Srbije 2010 - zapad"]
[Site "?"]
[Date "2010.10.14"]
[Round "6.1"]
[White "Mrsevic, Miroslav"]
[Black "Marcetic, Predrag"]
[Result "1/2-1/2"]
[WhiteElo "2310"]
[BlackElo "2207"]
[PlyCount "75"]
[EventDate "2010.09.12"]

1. e4 e5 2. Nf3 Nc6 3. Nc3 Nf6 4. Bb5 d6 5. d4 exd4 6. Qxd4 Bd7 7. Bxc6 Bxc6 8.
Bg5 Be7 9. O-O-O O-O 10. h4 Re8 11. Nd5 h6 12. Kb1 Bxd5 13. exd5 Nd7 14. Rh3
Ne5 15. Bxh6 gxh6 16. Rg3+ Kf8 17. Qf4 Bf6 18. Qxh6+ Ke7 19. Nd4 Kd7 20. Qh5
Kc8 21. Qf5+ Nd7 22. Nc6 bxc6 23. dxc6 Re6 24. cxd7+ Kxd7 25. h5 Rb8 26. Rb3
Ke7 27. f4 Rxb3 28. axb3 Qh8 29. Qa5 Qb8 30. Qd2 Qb5 31. g4 Qe2 32. g5 Bh8 33.
f5 Qxd2 34. f6+ Bxf6 35. gxf6+ Kxf6 36. Rxd2 Kg5 37. Rd4 Kxh5 38. Ra4 1/2-1/2

[Event "Druga liga Centralne Srbije 2010 - zapad"]
[Site "?"]
[Date "2010.10.14"]
[Round "6.1"]
[White "Bezarevic, Branko"]
[Black "Kahrovic, Mersid"]
[Result "0-1"]
[WhiteElo "2214"]
[BlackElo "2275"]
[PlyCount "97"]
[EventDate "2010.09.12"]

1. e4 c6 2. d4 d5 3. Nc3 dxe4 4. Nxe4 Nd7 5. Nf3 Ngf6 6. Nxf6+ Nxf6 7. Ne5 Bf5
8. c3 e6 9. g4 Be4 10. f3 Bg6 11. h4 h5 12. Nxg6 fxg6 13. Bd3 hxg4 14. Bxg6+
Kd7 15. Bg5 Qc7 16. fxg4 Qg3+ 17. Kd2 Qxg4 18. Qxg4 Nxg4 19. Rae1 Bd6 20. Bf7
e5 21. Rhf1 Nh2 22. Rf2 exd4 23. Be6+ Kc7 24. Rf7+ Kb6 25. Kc2 Raf8 26. Rxf8
Rxf8 27. cxd4 Rf2+ 28. Kb3 Nf3 29. Re4 Nxg5 30. hxg5 Bf4 31. g6 Bc1 32. d5
Rxb2+ 33. Kc3 Rg2 34. dxc6 bxc6 35. Bf7 Bb2+ 36. Kb3 Bf6 37. Rb4+ Kc5 38. Rc4+
Kd6 39. Ra4 Rb2+ 40. Kc4 Rb7 41. Ra6 Bg5 42. Be8 Rc7 43. Bf7 Be3 44. Ra3 Bb6
45. Rd3+ Ke5 46. Rd6 Be3 47. Be8 c5 48. Rd7 Rxd7 49. Bxd7 0-1

[Event "Druga liga Centralne Srbije 2010 - zapad"]
[Site "?"]
[Date "2010.10.14"]
[Round "6.1"]
[White "Mijanovic, Dragan"]
[Black "Brajovic, Miroljub"]
[Result "0-1"]
[WhiteElo "2102"]
[BlackElo "2139"]
[PlyCount "120"]
[EventDate "2010.09.12"]

1. d4 Nf6 2. Nf3 d6 3. b3 Nbd7 4. e3 c6 5. Bb2 Qc7 6. Nbd2 a6 7. Be2 b5 8. c4
Bb7 9. Rc1 b4 10. O-O e5 11. c5 exd4 12. cxd6 Bxd6 13. Bxd4 O-O 14. Nc4 Be7 15.
Qc2 c5 16. Ncd2 Qb6 17. Bb2 Rfd8 18. Rfd1 Bd5 19. e4 Bb7 20. Bc4 Nh5 21. e5 Qh6
22. Qf5 Qg6 23. Qxg6 hxg6 24. e6 fxe6 25. Bxe6+ Kh7 26. Nc4 Bxf3 27. gxf3 Ndf6
28. Be5 g5 29. Nd6 Nf4 30. Bc4 Rd7 31. Nf5 Rxd1+ 32. Rxd1 Rd8 33. Rxd8 Bxd8 34.
Bxa6 N6d5 35. Ne3 Bf6 36. Bd6 Bd4 37. Nxd5 Nxd5 38. Bd3+ g6 39. Kf1 Nc3 40. f4
gxf4 41. Bxf4 Nxa2 42. h4 Kg7 43. Bg5 Nc3 44. Kg2 Nd1 45. f3 Ne3+ 46. Kg3 Nd5
47. Bc4 Nb6 48. Bd3 c4 49. bxc4 b3 50. Bd8 Na4 51. Kf4 b2 52. Ba5 Kf6 53. Ke4
Nc5+ 54. Kxd4 Nxd3 55. Kxd3 b1=Q+ 56. Kd4 Qf5 57. Bd8+ Ke6 58. Bg5 Qxf3 59. Kc5
Kd7 60. Kd4 Kc6 0-1

[Event "Druga liga Centralne Srbije 2010 - zapad"]
[Site "?"]
[Date "2010.10.14"]
[Round "6.2"]
[White "Muratovic, Alija"]
[Black "Djuric, Zoran"]
[Result "1-0"]
[WhiteElo "2500"]
[BlackElo "2239"]
[PlyCount "93"]
[EventDate "2010.09.12"]

1. e4 e6 2. d4 d5 3. Nd2 Nf6 4. e5 Nfd7 5. c3 c5 6. Bd3 Nc6 7. Ne2 Qb6 8. Nf3
cxd4 9. cxd4 Bb4+ 10. Kf1 Be7 11. g3 f6 12. exf6 Bxf6 13. Kg2 O-O 14. Bc2 Nb4
15. Bb3 e5 16. a3 e4 17. Ne1 Nc6 18. Bxd5+ Kh8 19. Be3 Ne7 20. Bxe4 Qe6 21. Qd3
Nb6 22. Nf4 Qg8 23. Nf3 Nbd5 24. Ne5 Nxe3+ 25. Qxe3 g5 26. Ne2 Nd5 27. Qd3 Be6
28. Nc3 Nxc3 29. bxc3 Bxe5 30. dxe5 Rad8 31. Qe3 Qg7 32. Rhd1 Qxe5 33. Bxb7
Qxe3 34. fxe3 Rb8 35. Be4 Rb2+ 36. Kg1 Rff2 37. Rd6 Bg4 38. Rf1 Rxf1+ 39. Kxf1
Bh3+ 40. Kg1 Kg7 41. Ra6 h5 42. Rg6+ Kf7 43. Rxg5 Bg4 44. h3 Kf6 45. Rg6+ Ke5
46. hxg4 Kxe4 47. gxh5 1-0

[Event "Druga liga Centralne Srbije 2010 - zapad"]
[Site "?"]
[Date "2010.10.14"]
[Round "6.2"]
[White "Ilic, Zdravko"]
[Black "Zenunovic, Hafiz"]
[Result "1/2-1/2"]
[WhiteElo "2195"]
[BlackElo "2037"]
[PlyCount "32"]
[EventDate "2010.09.12"]

1. e4 e5 2. Nf3 Nc6 3. Bb5 a6 4. Ba4 Nf6 5. Qe2 b5 6. Bb3 h6 7. c3 Bc5 8. Bd5
Qe7 9. O-O Rb8 10. Bxc6 dxc6 11. d4 exd4 12. cxd4 Ba7 13. e5 O-O 14. Qc2 Nd5
15. h3 c5 16. dxc5 Qxc5 1/2-1/2

[Event "Druga liga Centralne Srbije 2010 - zapad"]
[Site "?"]
[Date "2010.10.14"]
[Round "6.2"]
[White "Djakovac, Enes"]
[Black "Rikalovic, Milan"]
[Result "1-0"]
[WhiteElo "2210"]
[BlackElo "2098"]
[PlyCount "55"]
[EventDate "2010.09.12"]

1. e4 e5 2. Nf3 d6 3. d4 Nc6 4. dxe5 Nxe5 5. Nxe5 dxe5 6. Qxd8+ Kxd8 7. Nc3 Be6
8. Be3 c6 9. O-O-O+ Kc7 10. f4 f6 11. f5 Bf7 12. Be2 Bb4 13. a3 Bxc3 14. bxc3
b6 15. g4 Ne7 16. g5 Rad8 17. Rdg1 Rhg8 18. Rg2 Nc8 19. Rhg1 Nd6 20. Bd3 Nc4
21. Bf2 Nxa3 22. gxf6 gxf6 23. Rg7 Rxg7 24. Rxg7 Rd7 25. Bh4 Bc4 26. Bxf6 Rxg7
27. Bxe5+ Kd7 28. Bxg7 1-0

[Event "Druga liga Centralne Srbije 2010 - zapad"]
[Site "?"]
[Date "2010.10.14"]
[Round "6.2"]
[White "Savic, Petar A"]
[Black "Milosavljevic, Zoran"]
[Result "0-1"]
[WhiteElo "2053"]
[BlackElo "2205"]
[PlyCount "121"]
[EventDate "2010.09.12"]

1. e4 c5 2. Nf3 Nc6 3. Nc3 e6 4. d4 cxd4 5. Nxd4 Qc7 6. a3 a6 7. Be3 Nf6 8. Bd3
Be7 9. O-O O-O 10. Re1 b5 11. Nf3 Bb7 12. Qd2 Rac8 13. Bf4 d6 14. Rad1 Rfd8 15.
Qe2 h6 16. h3 Nd7 17. Qe3 Bf6 18. Be2 Nde5 19. Nxe5 Nxe5 20. Bxe5 Bxe5 21. Rd3
Bf6 22. Red1 Qc6 23. Bf3 Bg5 24. Qd4 Be7 25. e5 d5 26. R1d2 a5 27. Ne2 b4 28.
axb4 axb4 29. Qg4 Ba6 30. Re3 Qa4 31. Ra3 Qb5 32. Ra1 Qb6 33. Nf4 Bg5 34. h4
Be7 35. Nh5 Bf8 36. b3 Bb5 37. Be2 Bxe2 38. Rxe2 Rc3 39. Rd1 Rdc8 40. Rdd2 Kh8
41. Kh2 Qd8 42. f4 g6 43. Nf6 Be7 44. Ne4 h5 45. Ng5 hxg4 46. Nxf7+ Kg7 47.
Nxd8 g3+ 48. Kh3 Bxd8 49. Kg4 Be7 50. Rd3 Rxc2 51. Rxc2 Rxc2 52. Rxg3 Kh6 53.
Rh3 Rxg2+ 54. Kf3 Rc2 55. Kg4 Rc3 56. Rh1 Rxb3 57. h5 gxh5+ 58. Rxh5+ Kg6 59.
Rh8 Rc3 60. Rb8 b3 61. f5+ 0-1

[Event "Druga liga Centralne Srbije 2010 - zapad"]
[Site "?"]
[Date "2010.10.14"]
[Round "6.2"]
[White "Ikic, Alija"]
[Black "Rikalovic, Dimitrije"]
[Result "1-0"]
[WhiteElo "2146"]
[BlackElo "1955"]
[PlyCount "102"]
[EventDate "2010.09.12"]

1. Nf3 d5 2. c4 c6 3. b3 Nf6 4. Bb2 Bf5 5. g3 Nbd7 6. Bg2 e6 7. O-O Bd6 8. d3
Qc7 9. Nc3 h5 10. Rc1 h4 11. cxd5 hxg3 12. hxg3 exd5 13. Nb5 Qb8 14. Nxd6+ Qxd6
15. Qd2 Bh3 16. Bxh3 Rxh3 17. Kg2 Rh5 18. Rh1 Rxh1 19. Rxh1 O-O-O 20. Qa5 a6
21. e3 Qc7 22. Qxc7+ Kxc7 23. Ng5 Ng4 24. Rh7 Nde5 25. Bxe5+ Nxe5 26. Rxg7 Rd7
27. d4 Nd3 28. Rxf7 Rxf7 29. Nxf7 Nc1 30. Ne5 Nxa2 31. Nd3 a5 32. g4 Nc3 33. g5
Kd8 34. f4 Ke8 35. f5 b5 36. Kf3 a4 37. bxa4 bxa4 38. Nc5 a3 39. Nb3 Kf7 40.
Kg4 a2 41. Kf4 Ne4 42. Na1 Ke7 43. Nc2 Nd6 44. Na1 Ne4 45. Kg4 Kf7 46. Nc2 Nd6
47. Kf4 Ne4 48. Ke5 Nxg5 49. Kd6 Kf6 50. Kxc6 Kxf5 51. Kxd5 Ne4 1-0

[Event "Druga liga Centralne Srbije 2010 - zapad"]
[Site "?"]
[Date "2010.10.14"]
[Round "6.2"]
[White "Tadic, Dragan"]
[Black "Spahic, Nevzet"]
[Result "0-1"]
[WhiteElo "2048"]
[BlackElo "1915"]
[PlyCount "101"]
[EventDate "2010.09.12"]

1. e4 c6 2. d4 d5 3. e5 Bf5 4. Nf3 e6 5. b3 c5 6. c3 Nc6 7. Bd3 Bxd3 8. Qxd3
Rc8 9. Be3 Qb6 10. O-O cxd4 11. Bxd4 Bc5 12. Nbd2 Bxd4 13. cxd4 Nge7 14. Rac1
O-O 15. g4 Nb4 16. Qb1 Ng6 17. a3 Nc6 18. Qd3 Rc7 19. Rc3 Rfc8 20. Rfc1 Nce7
21. Rxc7 Rxc7 22. Rxc7 Qxc7 23. h4 a6 24. h5 Nf8 25. b4 h6 26. Nb3 Nd7 27. a4
Qc6 28. a5 f6 29. Nc5 Nxc5 30. dxc5 Qa4 31. Qc3 f5 32. g5 hxg5 33. Nxg5 Qd1+
34. Kg2 Qxh5 35. f4 Nc6 36. Nxe6 Qe2+ 37. Kg1 Kf7 38. Ng5+ Ke7 39. e6 d4 40.
Qg3 Qg4 41. Qxg4 fxg4 42. f5 Nxb4 43. Ne4 Nc6 44. Kg2 Nxa5 45. Kg3 Nc6 46. Kxg4
a5 47. Nd6 Nd8 48. Kf4 a4 49. Nc4 Nc6 50. Ke4 Kf6 51. Nb6 0-1

[Event "Druga liga Centralne Srbije 2010 - zapad"]
[Site "?"]
[Date "2010.10.14"]
[Round "6.3"]
[White "Roljevic, Djordje"]
[Black "Jocic, Miomir"]
[Result "0-1"]
[WhiteElo "2086"]
[BlackElo "1983"]
[PlyCount "56"]
[EventDate "2010.09.12"]

1. d4 Nf6 2. Nf3 g6 3. Nc3 d5 4. Bf4 c6 5. Qd2 h6 6. h4 Bg7 7. Ne5 Nbd7 8. Nxd7
Bxd7 9. O-O-O b5 10. f3 h5 11. Kb1 a5 12. e3 a4 13. Bd3 Qb6 14. Be5 b4 15. Ne2
c5 16. Nf4 c4 17. Bxf6 Qxf6 18. Nxd5 Qd6 19. Bxc4 Rb8 20. Nf4 O-O 21. Qd3 Bf5
22. e4 Qxf4 23. exf5 gxf5 24. g3 Qc7 25. b3 e6 26. Qe3 axb3 27. cxb3 Rfd8 28.
g4 f4 0-1

[Event "Druga liga Centralne Srbije 2010 - zapad"]
[Site "?"]
[Date "2010.10.14"]
[Round "6.3"]
[White "Colovic, Dusan"]
[Black "Milosevic, Boban"]
[Result "1-0"]
[WhiteElo "2365"]
[BlackElo "2293"]
[PlyCount "67"]
[EventDate "2010.09.12"]

1. d4 d5 2. Nc3 Nf6 3. Bf4 c6 4. e3 Bf5 5. f3 e6 6. g4 Bg6 7. h4 h6 8. Bd3 Bxd3
9. Qxd3 Nbd7 10. Nge2 Qa5 11. Kf2 Be7 12. a3 Qa6 13. Qxa6 bxa6 14. b4 Nb6 15.
Nc1 Nc4 16. Nd3 Nd7 17. Na4 f6 18. Nac5 Bxc5 19. bxc5 e5 20. Bg3 O-O 21. Rhb1
f5 22. Nxe5 Ndxe5 23. Bxe5 fxg4 24. f4 Rf7 25. Ke2 h5 26. Rb4 Kh7 27. Rxc4 dxc4
28. e4 Re8 29. Ke3 Rb7 30. d5 cxd5 31. exd5 Rb2 32. d6 Rxc2 33. d7 Rc3+ 34. Ke4
1-0

[Event "Druga liga Centralne Srbije 2010 - zapad"]
[Site "?"]
[Date "2010.10.14"]
[Round "6.3"]
[White "Rancic, Zoran"]
[Black "Radosavljevic, Slobodan S"]
[Result "1-0"]
[WhiteElo "2177"]
[BlackElo "2221"]
[PlyCount "71"]
[EventDate "2010.09.12"]

1. d4 Nf6 2. c4 e6 3. Nc3 b6 4. e4 Bb7 5. f3 d5 6. cxd5 exd5 7. e5 Nfd7 8. f4
Bb4 9. a3 Bxc3+ 10. bxc3 O-O 11. Nf3 c5 12. Bd3 Re8 13. O-O Ba6 14. Ng5 Bxd3
15. Qxd3 Nf8 16. f5 cxd4 17. cxd4 Nc6 18. f6 g6 19. Rf4 Qc8 20. Bd2 Nd8 21.
Raf1 Nde6 22. Nxe6 Rxe6 23. Rh4 Rc6 24. Qe3 h5 25. g4 Ne6 26. gxh5 g5 27. Qg3
Kh7 28. Bxg5 Nxg5 29. Qxg5 Qg8 30. Rg4 Qxg5 31. Rxg5 Rg8 32. Rxg8 Kxg8 33. Rf4
Rc3 34. Rg4+ Kh8 35. Kg2 Rd3 36. e6 1-0

[Event "Druga liga Centralne Srbije 2010 - zapad"]
[Site "?"]
[Date "2010.10.14"]
[Round "6.3"]
[White "Avramovic, Zoran"]
[Black "Irizanin, Radoje"]
[Result "1/2-1/2"]
[WhiteElo "2234"]
[BlackElo "2328"]
[PlyCount "93"]
[EventDate "2010.09.12"]

1. e4 c5 2. Nf3 d6 3. d4 cxd4 4. Nxd4 Nf6 5. Nc3 a6 6. g3 Bg4 7. f3 Bd7 8. Be3
Nc6 9. Nxc6 Bxc6 10. Qd2 e6 11. O-O-O b5 12. Kb1 Be7 13. g4 O-O 14. Bd3 Nd7 15.
Qf2 Ne5 16. h4 b4 17. Ne2 a5 18. Bd4 a4 19. Nc1 b3 20. cxb3 axb3 21. Nxb3 Nxd3
22. Rxd3 Bb5 23. Rc3 e5 24. Bb6 Qb8 25. Bc7 Qe8 26. g5 Ra6 27. Rd1 Qa8 28. a3
Rc8 29. Rdc1 d5 30. exd5 Qxd5 31. Qd2 Qxd2 32. Nxd2 f6 33. gxf6 gxf6 34. Bxe5
Rd8 35. Bf4 Ra4 36. Be3 Rxh4 37. Rc7 Bd6 38. Rg1+ Kh8 39. Rb7 Ba6 40. Ra7 Bd3+
41. Ka2 Bg6 42. Rg2 Be5 43. Rg4 Rh3 44. Nc4 Rxf3 45. Nxe5 fxe5 46. Bg5 Rd1 47.
Ra8+ 1/2-1/2

[Event "Druga liga Centralne Srbije 2010 - zapad"]
[Site "?"]
[Date "2010.10.14"]
[Round "6.3"]
[White "Gavrilovic, Leonardo"]
[Black "Mircic, Ivan"]
[Result "0-1"]
[WhiteElo "2247"]
[BlackElo "2245"]
[PlyCount "72"]
[EventDate "2010.09.12"]

1. e4 c5 2. Nf3 e6 3. d4 cxd4 4. Nxd4 a6 5. Bd3 Qc7 6. O-O Nc6 7. Nxc6 bxc6 8.
f4 d6 9. c4 Nf6 10. Nc3 Be7 11. Kh1 O-O 12. c5 e5 13. cxd6 Bxd6 14. f5 Bb7 15.
g4 Bb4 16. g5 Nd7 17. Qh5 Qd6 18. Rd1 Bxc3 19. bxc3 c5 20. Ba3 Qc6 21. Bc2 Rfd8
22. Rf1 Nf8 23. f6 Ng6 24. Bc1 Rd6 25. fxg7 Rad8 26. Qf3 R8d7 27. Be3 a5 28.
Qf2 Ba6 29. Rfe1 Kxg7 30. Bxc5 Rd2 31. Qf6+ Qxf6 32. gxf6+ Kxf6 33. Ba4 R7d3
34. Be3 Rb2 35. Bb3 Bb7 36. Bc1 Rf2 0-1

[Event "Druga liga Centralne Srbije 2010 - zapad"]
[Site "?"]
[Date "2010.10.14"]
[Round "6.3"]
[White "Dorontic, Zoran"]
[Black "Andjelic, Stevan"]
[Result "0-1"]
[WhiteElo "2086"]
[BlackElo "2109"]
[PlyCount "91"]
[EventDate "2010.09.12"]

1. e4 Nf6 2. Nc3 d5 3. e5 Nfd7 4. d4 e6 5. f4 c5 6. Nf3 Nc6 7. Be3 cxd4 8. Nxd4
Bc5 9. Qd2 Nxd4 10. Bxd4 a6 11. Be2 Bxd4 12. Qxd4 Qb6 13. Qxb6 Nxb6 14. O-O-O
Bd7 15. Bf3 Rc8 16. Rd4 Rc4 17. Rxc4 Nxc4 18. Re1 Ke7 19. Ne2 Na5 20. Nd4 Nc6
21. Nb3 b6 22. g4 Rc8 23. a3 a5 24. c3 b5 25. Kb1 b4 26. cxb4 axb4 27. Rc1 bxa3
28. bxa3 Rb8 29. Bd1 Ra8 30. Kb2 Ra4 31. Nc5 Rxf4 32. Nd3 Rc4 33. Rxc4 dxc4 34.
Nf2 Nxe5 35. Kc3 Bc6 36. Kd4 Kd6 37. h3 Bd5 38. Ba4 Nf3+ 39. Ke3 Kc5 40. Bc2 h6
41. Be4 Nd4 42. h4 f5 43. gxf5 Nxf5+ 44. Bxf5 exf5 45. Nh3 Be4 46. Nf4 0-1

[Event "Druga liga Centralne Srbije 2010 - zapad"]
[Site "?"]
[Date "2010.10.14"]
[Round "6.4"]
[White "Zivkovic, Sava"]
[Black "Pavlovic, Dejan S"]
[Result "1/2-1/2"]
[WhiteElo "2251"]
[BlackElo "2422"]
[PlyCount "76"]
[EventDate "2010.09.12"]

1. e4 c5 2. Nf3 Nc6 3. d4 cxd4 4. Nxd4 e5 5. Nb5 d6 6. c4 Be7 7. N1c3 a6 8. Na3
f5 9. Nc2 Nf6 10. Bd3 f4 11. g3 O-O 12. Nd5 Kh8 13. b3 Bh3 14. Rg1 Bg4 15. f3
Bh3 16. gxf4 Nxd5 17. cxd5 Bh4+ 18. Ke2 Nd4+ 19. Nxd4 exd4 20. Qd2 Rc8 21. Bb2
Bf6 22. Qb4 Qe7 23. Rac1 Rcd8 24. Rg3 Bc8 25. Rcg1 Rf7 26. Bxd4 a5 27. Qc3 Bxd4
28. Qxd4 Rg8 29. e5 Bf5 30. e6 Bxd3+ 31. Kxd3 Rf6 32. Rg4 b5 33. R1g2 b4 34.
Rc2 Rgf8 35. Rc6 h5 36. Rg3 Rxf4 37. Qe3 h4 38. Rh3 Qf6 1/2-1/2

[Event "Druga liga Centralne Srbije 2010 - zapad"]
[Site "?"]
[Date "2010.10.14"]
[Round "6.4"]
[White "Nenadovic, Ljubisa"]
[Black "Pecinar, Zoran"]
[Result "1/2-1/2"]
[WhiteElo "2184"]
[BlackElo "2166"]
[PlyCount "46"]
[EventDate "2010.09.12"]

1. d4 Nf6 2. c4 g6 3. Nc3 Bg7 4. e4 d6 5. f4 O-O 6. Nf3 c5 7. d5 e6 8. Be2 exd5
9. cxd5 Re8 10. e5 dxe5 11. fxe5 Ng4 12. Bg5 Qa5 13. O-O Nxe5 14. d6 Be6 15.
Nd5 Nbd7 16. Nc7 Rac8 17. Nxe8 Rxe8 18. Nxe5 Bxe5 19. Qc2 Qb6 20. Bc4 Qxd6 21.
Bxe6 Qxe6 22. Rfd1 Bd4+ 23. Kh1 Qg4 1/2-1/2

[Event "Druga liga Centralne Srbije 2010 - zapad"]
[Site "?"]
[Date "2010.10.14"]
[Round "6.4"]
[White "Zivkovic, Dejan"]
[Black "Bosiljcic, Zoran"]
[Result "0-1"]
[WhiteElo "2281"]
[BlackElo "2164"]
[PlyCount "60"]
[EventDate "2010.09.12"]

1. d4 c5 2. dxc5 Qa5+ 3. c3 Qxc5 4. g3 Nf6 5. Bg2 g6 6. Be3 Qc7 7. Na3 Nc6 8.
Nb5 Qd8 9. Qa4 Bg7 10. Bf4 d6 11. Nd4 O-O 12. Nxc6 bxc6 13. Bxc6 Rb8 14. Rb1
Nd7 15. Qc2 Qc7 16. Bg2 Nc5 17. b4 Bb7 18. Bxb7 Qxb7 19. f3 Rfc8 20. Rc1 Ne6
21. Bd2 Rc4 22. Nh3 Rbc8 23. Qd3 Qc6 24. Nf4 Bxc3 25. Bxc3 Rxc3 26. Rxc3 Qxc3+
27. Qxc3 Rxc3 28. Kd2 Ra3 29. Nxe6 Rxa2+ 30. Ke3 fxe6 0-1

[Event "Druga liga Centralne Srbije 2010 - zapad"]
[Site "?"]
[Date "2010.10.14"]
[Round "6.4"]
[White "Jovic, Miodrag"]
[Black "Savic, Dragan"]
[Result "1/2-1/2"]
[WhiteElo "2212"]
[BlackElo "2148"]
[PlyCount "92"]
[EventDate "2010.09.12"]

1. d4 Nf6 2. Nf3 e6 3. Bf4 d5 4. e3 Nbd7 5. Nbd2 Be7 6. Bd3 O-O 7. h3 c5 8. c3
cxd4 9. exd4 Qb6 10. Qc2 Re8 11. Ne5 Nf8 12. Ndf3 Nh5 13. Be3 f6 14. g4 fxe5
15. dxe5 Bc5 16. Bxc5 Qxc5 17. gxh5 Bd7 18. Ng5 h6 19. Bh7+ Nxh7 20. Qxh7+ Kf8
21. Qh8+ Ke7 22. Qxg7+ Kd8 23. Qxh6 Kc7 24. Nf3 Rh8 25. Qd2 Rxh5 26. O-O-O Rf8
27. Nd4 Rxe5 28. h4 Re4 29. f3 Ref4 30. Qe3 Qe7 31. h5 b6 32. Rde1 R4f6 33. h6
Kc8 34. Qe5 Qh7 35. Qd6 Re8 36. Nc6 Kb7 37. Ne5 Re7 38. f4 Ba4 39. b3 Rc7 40.
Kb2 Rxf4 41. Re2 Bb5 42. Rd2 Qe4 43. Rhd1 Qe3 44. Qxe6 Qxc3+ 45. Kb1 Rd4 46.
Rxd4 Qc2+ 1/2-1/2

[Event "Druga liga Centralne Srbije 2010 - zapad"]
[Site "?"]
[Date "2010.10.14"]
[Round "6.4"]
[White "Milosevic, Zoran"]
[Black "Ignjatovic, Predrag"]
[Result "1-0"]
[WhiteElo "2281"]
[BlackElo "2271"]
[PlyCount "119"]
[EventDate "2010.09.12"]

1. d4 Nf6 2. c4 e6 3. Nf3 b6 4. g3 Ba6 5. b3 Bb4+ 6. Bd2 Be7 7. Bg2 Bb7 8. O-O
O-O 9. Bc3 d6 10. Nbd2 c5 11. Qc2 cxd4 12. Nxd4 Bxg2 13. Kxg2 Qc7 14. e4 Nbd7
15. Rfe1 Rac8 16. Rad1 Rfd8 17. Nf1 a6 18. a4 Qb7 19. f3 Ne5 20. Ne3 Nc6 21.
Qd2 Nd7 22. Nxc6 Qxc6 23. Qb2 Bf6 24. Bxf6 Nxf6 25. Qa3 Rd7 26. Rd2 Rcd8 27.
Red1 h6 28. Qb2 Qc5 29. Qd4 Qb4 30. Rd3 Kf8 31. Nc2 Qc5 32. b4 Qc7 33. Ne3 Kg8
34. g4 Rb8 35. Qc3 a5 36. Rb1 Ra8 37. Qd4 Qc6 38. bxa5 bxa5 39. Rb5 Ne8 40. Qb6
Rc7 41. Qxc6 Rxc6 42. Rdb3 Kf8 43. Rb8 Rxb8 44. Rxb8 Ke7 45. Kf2 Nf6 46. Rb7+
Nd7 47. Ke2 Kd8 48. Ra7 Rc5 49. Ra6 Ne5 50. h4 Ke7 51. g5 h5 52. Ra7+ Ke8 53.
f4 Nc6 54. Rb7 f6 55. Kd3 Nb4+ 56. Kd4 Nc6+ 57. Kc3 Ne7 58. Nd1 d5 59. Ne3 dxe4
60. Rb5 1-0

[Event "Druga liga Centralne Srbije 2010 - zapad"]
[Site "?"]
[Date "2010.10.14"]
[Round "6.5"]
[White "Dumpor, Atif"]
[Black "Kostic, Vladimir G"]
[Result "1/2-1/2"]
[WhiteElo "2391"]
[BlackElo "2427"]
[PlyCount "32"]
[EventDate "2010.09.12"]

1. d4 d5 2. Nf3 c6 3. g3 Nf6 4. Bg2 Bg4 5. Nbd2 Nbd7 6. O-O e6 7. Re1 Be7 8. e4
dxe4 9. Nxe4 O-O 10. c3 Bh5 11. Nxf6+ Bxf6 12. Qb3 Qb6 13. Bf4 Bxf3 14. Bxf3
Rfe8 15. Rad1 g6 16. Kg2 Bg7 1/2-1/2

[Event "Druga liga Centralne Srbije 2010 - zapad"]
[Site "?"]
[Date "2010.10.14"]
[Round "6.5"]
[White "Ilic, Dragan M"]
[Black "Musovic, Sabrija"]
[Result "1-0"]
[WhiteElo "2367"]
[BlackElo "2146"]
[PlyCount "59"]
[EventDate "2010.09.12"]

1. d4 d5 2. c4 c6 3. Nc3 Nf6 4. Nf3 e6 5. cxd5 cxd5 6. Bg5 Be7 7. e3 Nc6 8. Bd3
h6 9. Bf4 a6 10. Rc1 Bd6 11. O-O Bxf4 12. exf4 Bd7 13. Na4 O-O 14. Nc5 Ra7 15.
a3 g6 16. Re1 Kg7 17. b4 Re8 18. g3 Ng8 19. h4 Nge7 20. h5 Bc8 21. hxg6 Nxg6
22. Qe2 Qf6 23. Qe3 Rg8 24. Kg2 Nce7 25. Rh1 Nf5 26. Bxf5 Qxf5 27. Nd3 b6 28.
Nde5 f6 29. Nxg6 Qxg6 30. Rc6 1-0

[Event "Druga liga Centralne Srbije 2010 - zapad"]
[Site "?"]
[Date "2010.10.14"]
[Round "6.5"]
[White "Tasic, Vladimir"]
[Black "Zivkovic, Vladislav"]
[Result "1-0"]
[WhiteElo "2235"]
[BlackElo "2222"]
[PlyCount "85"]
[EventDate "2010.09.12"]

1. f4 d5 2. Nf3 c5 3. e3 Nc6 4. Bb5 Bd7 5. b3 Nf6 6. Bb2 e6 7. O-O Be7 8. Bxc6
Bxc6 9. Ne5 Qc7 10. d3 O-O 11. Rf3 Ne8 12. Rh3 g6 13. Nd2 f6 14. Nxc6 Qxc6 15.
Qf3 Rf7 16. e4 dxe4 17. Qxe4 Rc8 18. Re3 Ng7 19. a4 b6 20. Qc4 Rd8 21. Rae1 Qd5
22. g3 Rd7 23. R3e2 Rf8 24. Ne4 Kf7 25. Nc3 Qd4+ 26. Kg2 Qd6 27. Nb5 Qc6+ 28.
Kg1 Rc8 29. Re4 a6 30. Nc3 Ra7 31. R4e2 Rd8 32. Ne4 Qd5 33. Nf2 b5 34. axb5
Qxc4 35. bxc4 axb5 36. cxb5 c4 37. dxc4 Rc7 38. Ra1 Rxc4 39. Ra7 Kf8 40. Kg2
Rb8 41. Ng4 Ne8 42. Ne3 Re4 43. c4 1-0

[Event "Druga liga Centralne Srbije 2010 - zapad"]
[Site "?"]
[Date "2010.10.14"]
[Round "6.5"]
[White "Gosic, Bogdan"]
[Black "Zecevic, Igor"]
[Result "1-0"]
[WhiteElo "2316"]
[BlackElo "1867"]
[PlyCount "41"]
[EventDate "2010.09.12"]

1. e4 c5 2. Nf3 Nc6 3. Bb5 g6 4. Bxc6 bxc6 5. O-O Bg7 6. Re1 e5 7. c3 Ne7 8. d4
cxd4 9. cxd4 exd4 10. Nxd4 O-O 11. Nc3 d6 12. Bg5 Bd7 13. Qd2 h6 14. Bxh6 Qb6
15. Nf3 c5 16. Bg5 Rfe8 17. e5 Bc6 18. exd6 f6 19. Bf4 Nf5 20. Nd5 Qb7 21. Nc7
1-0